Skład Pogoni Szczecin - Sezon 25/26 Ekstraklasa - Statystyki

Ogólne statystyki
  • Ten quiz został rozwiązany 96 razy
  • Średni wynik to 21 z 32
Statystyki odpowiedzi
Numer Narodowość Wiek Zawodnik % Poprawnych
77 Rumunia 30 Valentin Cojocaru
95%
11 Polska 37 Kamil Grosicki
93%
23 Francja 31 Benjamin Mendy
88%
90 Anglia 23 Sam Greenwood
88%
2 Portugalia 26 Marian Huja
85%
8 Norwegia 33 Fredrik Ulvestad
84%
32 Grecja 30 Leonardo Koutris
84%
31 Polska 35 Krzysztof Kamiński
83%
4 Brazylia 24 Leo Borges
81%
7 Gambia 23 Musa Juwara
81%
9 Węgry 23 Rajmund Molnar
81%
10 Polska 18 Adrian Przyborek
80%
22 Chorwacja 28 Danijel Loncar
80%
13 Grecja 21 Dimitrios Keramitsis
80%
14 Hiszpania 29 Jose Pozo
80%
18 Nigeria 25 Paul Mukairu
77%
15 Irak 23 Hussein Ali
73%
61 Polska 24 Kacper Smoliński
72%
28 Szwecja 29 Linus Wahlqvist
72%
19 Senegal 25 Mor Ndiaye
71%
6 Polska 22 Jan Biegański
61%
20 Polska 19 Patryk Paryzek
61%
17 Polska 23 Jakub Lis
55%
99 Polska 26 Kacper Kostorz
51%
47 Polska 16 Natan Lawa
51%
35 Polska 18 Maciej Wojciechowski
36%
55 Brazylia 22 Renyer
36%
33 Słowacja 16 Alex Peskovic
35%
91 Polska 16 Kuba Bochniarz
29%
38 Polska 18 Rafał Jakubowski
23%
36 Polska 17 Jakub Zawadzki
20%
37 Polska 17 Kacper Stanowski
20%
Nie znaleziono quizów pasujących do podanych kryteriów
Rozkład punktacji
Procent ludzi z każdym wynikiem
Percentyl według liczby udzielonych odpowiedzi
Twoja historia wyników
Nie rozwiązałeś tego quizu